My name is Red / (Record no. 10645)
[ view plain ]
| 000 -LEADER | |
|---|---|
| fixed length control field | 00998nam a2200289 a 4500 |
| 001 - CONTROL NUMBER | |
| control field | 10645 |
| 003 - CONTROL NUMBER IDENTIFIER | |
| control field | BD-JhCC |
| 005 - DATE AND TIME OF LATEST TRANSACTION | |
| control field | 20230625083300.0 |
| 008 - FIXED-LENGTH DATA ELEMENTS--GENERAL INFORMATION | |
| fixed length control field | 180801s2001 nyub 000 f eng |
| 010 ## - LIBRARY OF CONGRESS CONTROL NUMBER | |
| LC control number | 9780571268832 |
| 020 ## - INTERNATIONAL STANDARD BOOK NUMBER | |
| International Standard Book Number | 0375406956 (alk. paper) |
| 035 ## - SYSTEM CONTROL NUMBER | |
| System control number | (BD-JhCC)10645 |
| 040 ## - CATALOGING SOURCE | |
| Original cataloging agency | DLC |
| Transcribing agency | DLC |
| Modifying agency | DLC |
| -- | BD-JhCC |
| 041 1# - LANGUAGE CODE | |
| Language code of text/sound track or separate title | eng |
| Language code of original | tur |
| 042 ## - AUTHENTICATION CODE | |
| Authentication code | pcc |
| 050 00 - LIBRARY OF CONGRESS CALL NUMBER | |
| Classification number | PL248.P34 |
| Item number | B4613 2001 |
| 082 00 - DEWEY DECIMAL CLASSIFICATION NUMBER | |
| Classification number | 894/.3533 |
| Edition number | 21 |
| Item number | PAM 2001 |
| 100 1# - MAIN ENTRY--PERSONAL NAME | |
| Personal name | Pamuk, Orhan, |
| Dates associated with a name | 1952- |
| 240 10 - UNIFORM TITLE | |
| Uniform title | Benim adım Kırmızı. |
| Language of a work | English |
| 245 10 - TITLE STATEMENT | |
| Title | My name is Red / |
| Statement of responsibility, etc. | Orhan Pamuk ; translated from the Turkish by Erdağ M. Göknar. |
| 260 ## - PUBLICATION, DISTRIBUTION, ETC. | |
| Place of publication, distribution, etc. | New York : |
| Name of publisher, distributor, etc. | Alfred A. Knopf, |
| Date of publication, distribution, etc. | 2001. |
| 300 ## - PHYSICAL DESCRIPTION | |
| Extent | 671 p. : |
| Other physical details | map ; |
| Dimensions | 20 cm. |
| 650 ## - SUBJECT ADDED ENTRY--TOPICAL TERM | |
| Topical term or geographic name entry element | Turkish fiction |
| 700 1# - ADDED ENTRY--PERSONAL NAME | |
| Personal name | Göknar, Erdağ M. |
| 942 ## - ADDED ENTRY ELEMENTS (KOHA) | |
| Source of classification or shelving scheme | Dewey Decimal Classification |
| Koha item type | Books |
| Koha issues (borrowed), all copies | 17 |
| Withdrawn status | Lost status | Source of classification or shelving scheme | Damaged status | Not for loan | Home library | Current library | Shelving location | Date acquired | Cost, normal purchase price | Total Checkouts | Full call number | Barcode | Date last seen | Date last checked out | Copy number | Price effective from | Koha item type |
|---|---|---|---|---|---|---|---|---|---|---|---|---|---|---|---|---|---|
| Dewey Decimal Classification | JCC Rouf Library | JCC Rouf Library | General Stacks | 08/01/2018 | 599.00 | 9 | 894/.3533 PAM 2001 | 14387 | 02/03/2026 | 11/09/2025 | C-1 | 08/01/2018 | Books | ||||
| Dewey Decimal Classification | JCC Rouf Library | JCC Rouf Library | General Stacks | 08/01/2018 | 599.00 | 11 | 894/.3533 PAM 2001 | 14386 | 02/07/2026 | 01/21/2026 | C-2 | 08/01/2018 | Books | ||||
| Dewey Decimal Classification | JCC Rouf Library | JCC Rouf Library | General Stacks | 06/25/2023 | 1078.00 | 3 | 894/.3533 PAM 2001 | 18484 | 06/30/2025 | 02/10/2025 | C-3 | 06/25/2023 | Books |